Score 0/120 Timer 14:00
8 Plays Today
% Correct
Quarterback
97%
Offensive Tackle
96.7%
Offensive Guard
96.7%
Fullback
96.3%
Halfback
95.8%
Kauai
95.6%
(I Can't Get No) Satisfaction
95.4%
Hawaii
94.9%
Maui
94.4%
Wide Receiver
94.4%
Center
93.5%
Tight End
92.7%
The Godfather Part II
92.1%
Oahu
92%
The Godfather
91.7%
Adverb
91.3%
Adjective
91.2%
Mikhail Gorbachev
91.1%
Carrot
91%
Earth
91%
Angstier
91%
Angriest
91%
Mars
90.9%
Uranus
90.8%
Gantries
90.8%
Mercury
90.7%
Lanai
90.7%
Celery
90.7%
Saturn
90.6%
Jupiter
90.6%
Granites
90.6%
Venus
90.5%
Neptune
90.4%
Pronoun
90.3%
Konstantin Chernenko
90.3%
Tomato
90.1%
Rangiest
89.9%
Nikita Khrushchev
89.9%
Leonid Brezhnev
89.8%
Joseph Stalin
89.6%
% Correct
Georgy Malenkov
89.4%
Dancer
89.3%
Noun
89.3%
Vladimir Lenin
89.2%
Dasher
89%
Blitzen
89%
Verb
88.9%
Preposition
88.7%
Bobby
88.7%
Comet
88.7%
Cupid
88.6%
Ingrates
88.6%
Donner
88.5%
Cindy
88.5%
Prancer
88.5%
Lettuce
88.3%
Spinach
88.2%
Carol
88%
Beets
88%
Vixen
87.6%
Parsley
87.3%
Yuri Andropov
87.2%
The Dark Tower
87.1%
Conjunction
86.3%
Interjection
86.1%
Honky Tonk Women
85.4%
Niihau
85.4%
Reasting
85.2%
The Drawing of the Three
84.7%
Jan
84.6%
Greg
84.4%
Scent of a Woman
84.4%
The Wind Through the Keyhole
84.1%
Tasering
83.9%
Paint It Black
83.5%
Dog Day Afternoon
83.3%
Molokai
83.3%
Effort
82.7%
Mike
82.5%
The Waste Lands
82.5%
% Correct
Wizard and Glass
82.5%
Resolve
82.5%
Get Off of My Cloud
82.3%
Wolves of the Calla
82.2%
Conduct
82%
Marcia
81.5%
Peter
81.2%
Mindfulness
79.7%
Watercress
78.9%
Kahoolawe
78.1%
Joanne Jefferson
76.7%
Maureen Johnson
76.6%
Speech
76.5%
Mimi Márquez
76.5%
Ruby Tuesday
76.3%
Brock
76.2%
Livelihood
75.6%
View
75.6%
Brown Sugar
74.2%
Erika
73.5%
Angel Dumott Schunard
73.2%
Benjamin Coffin III
72.7%
Blaine
72.6%
Mark Cohen
71.4%
Misty
71.1%
Glengarry Glen Ross
69%
Roger Davis
67.7%
The Gunslinger
67.6%
Koga
65.5%
Sabrina
64.2%
Song of Susannah
62%
...And Justice for All
61.9%
Tom Collins
61.7%
Giovanni
61.2%
Serpico
59.6%
Angie
58%
Dick Tracy
54.8%
Miss You
54.1%
Samadhi
47.7%
Lt. Surge
41.2%
Remove Ads.
Support Sporcle.
Get the best of Sporcle when you Go Orange. This ad-free experience offers more features, more stats, and more fun while also helping to support Sporcle. Thank you for becoming a member.

You're not logged in!

Compare scores with friends on all Sporcle quizzes.
OR
Log In

Show Comments

Extras

Top Quizzes Today


Score Distribution

Your Account Isn't Verified!

In order to create a playlist on Sporcle, you need to verify the email address you used during registration. Go to your Sporcle Settings to finish the process.

Report this User

Report this user for behavior that violates our Community Guidelines.

Details: